000 00910nam a2200265 a 4500
008 960514s1988||||[C 0 slo c
020 _c52 Kčs
_q(3 000 výtl.)
040 _aSNK
_bslo
_cSNK
_eAACR2
041 1 _aslo
044 _axo
_cSK
080 _a784.67.087.5.087.61
100 1 _aChládková, Blanka
_4aut
245 1 0 _aŠlabikár začínajúceho speváčika
_hHudobnina
_bDiel 1.-3
_cBlanka Chládková ; Prekl. Ľudmila Sýkorová ; Ilustr. Eva Vogelová ; Aut. hud. Pavel Blatný, Jitka Snížková, Dalibor Špilka
250 _a1. vyd.
260 _aBratislava
_bOpus
_c1988
_eSkalica
_fGrafobal
300 _a[222 s.]
_bObr.
_c23x30 cm
500 _aTri diely v prebale
700 1 _aSýkorová, Ľudmila
_4trl
700 1 _aVogelová, Eva
_4ill
700 1 _aBlatný, Pavel
_4cmp
700 1 _aSnížková, Jitka
_4cmp
700 1 _aŠpilka, Dalibor
_4cmp
924 _aspev
958 _aHHU
999 _c15246
_d15246